| 000 | 01419cam a2200397 a 4500 | ||
|---|---|---|---|
| 001 | 21012 | ||
| 003 | VRT | ||
| 005 | 20260210145915.0 | ||
| 008 | 240226s1996 xo r 000 0 slo | ||
| 015 | _aSNBA1998/10-03442 | ||
| 020 | _a8085352931 | ||
| 035 | _aSNK000288458 | ||
| 035 | _aurn:nbn:sk:snk-amkhws | ||
| 035 | _aurn:nbn:sk:snk-am008gvi | ||
| 035 | _aF9E2DB97-F61C-499C-B3AE-C1CF2EEDCE70 | ||
| 039 | 9 |
_a202402261528 _bVLOAD _c202205120759 _dVLOAD _c202011122007 _dcsnk01 _c202011121934 _dAUTHORITY |
|
| 040 |
_aSNK _bslo _aSNK _eAACR2 |
||
| 041 | 1 |
_aslo _heng |
|
| 044 |
_axo _cSK |
||
| 080 |
_a820 (73)-3 _21981 |
||
| 100 | 1 |
_aDailey, Janet, _d1944-2013 _4aut |
|
| 240 | 1 | 0 |
_aTangled vines _lSlovensky |
| 245 | 1 | 0 |
_aAko divé hrozno _cJanet Dailey ; [z anglického originálu preložil Ján Kamenistý] |
| 260 |
_aBratislava _bRemedium _c1996 |
||
| 300 |
_a304 s. _c21 cm |
||
| 655 | 7 |
_aamerické romány _2SNKPH |
|
| 700 | 1 |
_aKamenistý, Ján, _d1941- _4trl |
|
| 910 | _asnk | ||
| 942 |
_2ddc _cKLDO _n0 |
||
| 949 |
_62889745493 _asavukPV 975 |
||
| 949 |
_9P60, <09>, [BOOK], {629} _asnkC 593 _bsnk1132/980708 |
||
| 949 |
_6270001000015200 _asvkbbA 99534 _bsvkbbm 626131 |
||
| 949 |
_617A0144122 _9P60, <03>, [BOOK], {603} _asnkSC 96218 _bsnkKSP 6873/98 _s6100:20140925 |
||
| 949 |
_617A0144121 _9P60, <05>, [BOOK], {605} _asnkSC 96218 D1 _bsnkKSP 6874/98 |
||
| 949 |
_6273K0102485 _asvkpoA 173951 _bsvkpo433382 |
||
| 999 |
_c21012 _d21012 |
||